<An> introduction to global financial markets

Salvato in:
Dettagli Bibliografici
Autore principale: Valdez, Stephen
Altri autori: Molyneux, Philip
Natura: Libro
Lingua:inglese
Pubblicazione: Basingstoke Palgrave Macmillan 2013
Edizione:7th ed.
Soggetti:
Tags: Aggiungi Tag
Nessun Tag, puoi essere il primo ad aggiungerne!!

MARC

LEADER 00000nam a2200000 4500
001 0201007
005 20240312115755.4
020 |a 978-1-137-00752-0 
041 0 |a eng 
044 |a GB 
245 1 0 |a <An> introduction to global financial markets  |c Stephen Valdez and Philip Molyneux 
250 |a 7th ed. 
264 1 |a Basingstoke  |b Palgrave Macmillan  |c 2013 
300 |a 537 s. 
610 2 0 |a trh finančný 
610 2 0 |a globalizácia 
610 2 0 |a kríza finančná 
610 2 0 |a bankovníctvo 
610 2 0 |a peniaze 
610 2 0 |a bondy 
610 2 0 |a kapitál vlastný 
610 2 0 |a hedging 
610 2 0 |a kurz devízový 
610 2 0 |a deriváty 
610 2 0 |a produkty 
610 2 0 |a rast hospodársky 
610 2 0 |a únie menové 
610 2 0 |a Európa 
100 1 |a Valdez, Stephen 
700 1 |a Molyneux, Philip